000 01026nam a2200289 a 4500
001 22865
003 BD-RjUL
005 20211209000849.0
008 140309s1954 eng 000 0deng d
035 _a(BD-RjUL)22930
035 _a(OCoLC)2083272
040 _aTLM
_cTLM
_dm.c
_dBD-RjUL
_beng
041 _aeng
082 _a824.7
_bBLC 1954
100 1 _aBlunden, Edmund,
_d1896-1974.
_955940
245 0 0 _aCharles Lamb /
_cEdmund Blunden.
260 _aLondon :
_bpublished for the British Council and the National Book League by Longmans,
_c1954.
300 _a40 p. :
_bill. ;
_c23 cm.
490 1 _aBibliographical series of supplements to British book news on writers and their work ;
_vno. 56
504 _a"Charles Lamb, a select bibliography": p. 37-40
600 1 0 _aLamb, Charles,
_d1775-1834
_970503
830 0 _vno. 56
_970504
830 0 _aBibliographical series of supplements to British book news on writers and their work ;
_970505
942 _2ddc
_cBK
999 _c22865
_d22865